000 00375 a2200145 4500
005 20250617130121.0
020 _a0-07-020398-9
082 _aLM 671.071 FEI
100 _aFEIRER, J. L.
245 _aGeneral Metals
250 _a6th Ed.
260 _aLake forest,
_bMcGraw-Hill,
_c1991.
300 _avi, 506p.: ill.; figure, picture, table.
_bIndex.
_c25cm.
942 _2ddc
_cBKS
999 _c4216
_d4216